=LDR 00000nam 2200000 4500 =001 INLIS000000000011666 =005 20130612103218 =008 ***********************************Ind** =035 ##$$0010-061300000011666 =041 ##$$a Ind =082 ##$$a 720.28 =090 ##$$a 720.28, Fri m =100 ##$$a Frick, Heinz =245 ##$$a Menggambar bangunan kaya, Ir.Heinz Frick =260 ##$$a 1976 $b Yogyakarta =300 ##$$a 180 hlm., ilus.180 =650 ##$$a Arsitektur, gambar =850 ##$$a NBPNMAT